000 00473nam a2200181Ia 4500
008 131103s9999 xx 000 0 und d
020 _a8171670792
_cRs.40
040 _aLoreto College
041 _aEnglish
082 _aREF/PAN
_bLCBED/12968
100 _aPandey,Deep Narayan
245 _a1000 world wildlife quiz
_cDeep Narayan Pandey
260 _aCalcutta
_bRupa
_c1995
300 _a168 p.
_c 18 cm.
650 _aQuiz
850 _aLCBED/REF/PAN
942 _cBK
999 _c30789
_d81268